| 000 | 00401nam a2200145Ia 4500 | ||
|---|---|---|---|
| 008 | 150201s2009 xx 000 0 und d | ||
| 082 |
_a617.6342 _bP2009S |
||
| 100 | _aSIKRI,V.K. | ||
| 245 | _aPRE-CLINICAL CONSERVATIVE DENTISTRY | ||
| 250 | _a1ST | ||
| 260 |
_bC.B.S PUBLISHERS & DISTRIBUTERS _aDELHI _c2009 |
||
| 300 | _a1-185 | ||
| 650 | _aCONSERVATIVE DENTISTRY & ENDODONTICS | ||
| 942 |
_2ddc _cBK _02 |
||
| 999 |
_c4728 _d4728 |
||